000 00720nam a2200253Ia 4500
003 OSt
005 20220924114210.0
006 a|||||r|||| 00| 0
007 ta
008 220923b |||||||| |||| 00| 0 san d
024 _a26250
037 _cTextual
040 _aARTS
_cARTS
_bsan
041 _2san
_asan
082 _aQ124:4x3,1, 15E2 (=)
100 _aMihira Varaha
_9172363
245 0 _aBrihaj jatakam tr by Swami Vijnananda
260 _aAllahabad
_bpanni Office
_c1912
300 _aiii,400p.
_ccm.
490 _asacred books of the hindus ed by B D Basu; 12
650 _aRELIGION
942 _hQ124:4x3,1, 15E2 (=)
_cTEXL
_2CC
999 _c392415
_d392415